La explotacin̤ de los recursos naturales y la proteccin̤ del medio ambiente en las regulaciones jurd̕icas tributarias cubanas

Detalles Bibliográficos
Autor principal: Labrada Verdecia, Marisa
Otros Autores: Rodrg̕uez Silva, Leonides
Formato: eBook
Lenguaje:español
Publicado: Holgun̕ : Universidad de Holgun̕, 2012
Materias:
Acceso en línea:http://www.vlex.com/source/6871

MARC

LEADER 00000nam a22000007a 4500
005 20130121180356.0
007 cr|||| ||||
008 130121e2012 cu |||||s|||| 00||0 spa d
035 |a 6871 
040 |a vLex 
090 |c 3571  |d 3571 
100 1 0 |a Labrada Verdecia, Marisa  
245 1 3 |a La explotacin̤ de los recursos naturales y la proteccin̤ del medio ambiente en las regulaciones jurd̕icas tributarias cubanas  |h [Recurso electrn̤ico] 
256 |a Servicio en ln̕ea 
260 |a Holgun̕ :  |b Universidad de Holgun̕,   |c 2012 
300 |a 1 Recurso electrn̤ico 
650 0 4 |a Derecho tributario  |z Cuba 
650 0 4 |a Derecho fiscal  |z Cuba 
650 0 4 |a Derecho del medio ambiente  |z Cuba 
700 1 0 |a Rodrg̕uez Silva, Leonides  
740 |a vLex Libros (Servicio en ln̕ea) 
856 |a Acceso restringido  |u http://www.vlex.com/source/6871 
942 |c BOOK 
999 0 |a Taxation